| 000 | 00799nam a22002537a 4500 | ||
|---|---|---|---|
| 001 | 1781 | ||
| 003 | CO-MdFUSB | ||
| 005 | 20180622072722.0 | ||
| 008 | 170523t1992 s ||||| |||| 00| 0 s d | ||
| 020 | _a84-254-1738-4 | ||
| 040 |
_aCO-MdFUSB _bspa _cCO-MdFUSB _dCO-MdFUSBC _erda |
||
| 041 | 0 | _aspa | |
| 082 | 0 | 4 | _aG 220.64 L967m |
| 100 | 1 |
_aLurker, Manfred _eautor |
|
| 245 | 1 | 3 |
_aEl mensaje de los símbolos _b : Mitos, culturas y religiones _c / Manfred Lurker ; Claudio Gancho, Traductor |
| 264 | 4 |
_aBarcelona, España : _b Herder, _c©1992 |
|
| 300 | _a367 Pag | ||
| 336 |
_2rdacontent _a1 _ba1 |
||
| 337 |
_2rdamedia _a2 _b5 |
||
| 338 |
_2rdacarrier _a2 _b5 |
||
| 500 | _aTítulo original : Die botschalf der symbole. In mythen, kulturen und religionen | ||
| 653 | _aSimbolismo | ||
| 942 | _cBK | ||
| 999 |
_c32979 _d32979 |
||